| 000 -LEADER |
| fixed length control field |
00542cam a22002055a 4500 |
| 005 - DATE AND TIME OF LATEST TRANSACTION |
| control field |
20131111055335.0 |
| 008 - FIXED-LENGTH DATA ELEMENTS--GENERAL INFORMATION |
| fixed length control field |
031016s2005 ohu 000 0 eng |
| 020 ## - INTERNATIONAL STANDARD BOOK NUMBER |
| International Standard Book Number |
0324258232 |
| 041 0# - LANGUAGE CODE |
| Language code of text/sound track or separate title |
eng |
| 080 ## - UNIVERSAL DECIMAL CLASSIFICATION NUMBER |
| Universal Decimal Classification number |
336 |
| 100 1# - Rafti |
| Rafti |
Lasher, William. |
| 245 10 - TITLE STATEMENT |
| Title |
Practical financial management / |
| Statement of responsibility, etc |
William R. Lasher. |
| 250 ## - |
| -- |
4th ed. |
| 260 ## - |
| -- |
Mason, OH : |
| -- |
Thomson South Western, |
| -- |
2005. |
| 300 ## - |
| -- |
759 p. : |
| -- |
26cm. |
| -- |
me il. ; |
| 500 ## - |
| -- |
Preface : f. XVII -XXIV |
| 650 #0 - |
| -- |
Financa |
| 650 #0 - |
| -- |
Menaxhimi |
| 942 ## - ADDED ENTRY ELEMENTS (KOHA) |
| Source of classification or shelving scheme |
|
| Item type |
Books |